Essays on modernism, democracy and well-being : (Record no. 100265)
[ view plain ]
| 000 -LEADER | |
|---|---|
| fixed length control field | 02099nam a22003497a 4500 |
| 005 - DATE AND TIME OF LATEST TRANSACTION | |
| control field | 20221220111519.0 |
| 010 ## - LCCN (DPL NO) | |
| LC control number | 1617EN ENG-115237 ENG-135913 |
| 020 ## - INTERNATIONAL STANDARD BOOK NUMBER | |
| International Standard Book Number | 9789351508113 |
| Terms of availability | 1195.00 |
| 035 ## - SYSTEM CONTROL NUMBER | |
| System control number | B-654189-195 |
| 035 ## - SYSTEM CONTROL NUMBER | |
| System control number | B-667872 |
| 035 ## - SYSTEM CONTROL NUMBER | |
| System control number | EN-98769 |
| 035 ## - SYSTEM CONTROL NUMBER | |
| System control number | EN-119445 |
| 037 ## - SOURCE OF ACQUISITION | |
| Source of stock number/acquisition | TBI |
| 037 ## - SOURCE OF ACQUISITION | |
| Source of stock number/acquisition | DBAD/PUB |
| 082 00 - DEWEY DECIMAL CLASSIFICATION NUMBER | |
| Classification number | 321.8 |
| Edition number | 23 |
| 100 1# - MAIN ENTRY--PERSONAL NAME | |
| Personal name | Roy, Ramashray |
| 245 10 - TITLE STATEMENT | |
| Title | Essays on modernism, democracy and well-being : |
| Remainder of title | a Gandhian perspective / |
| Statement of responsibility, etc | by Ramashray Roy [and] Ravi Ranjan |
| 260 ## - PUBLICATION, DISTRIBUTION, ETC. (IMPRINT) | |
| Place of publication, distribution, etc | New Delhi |
| Name of publisher, distributor, etc | SAGE Publications |
| Date of publication, distribution, etc | 2016 |
| 270 ## - ADDRESS | |
| Address | B1/I-1 Mohan Cooperative Industrial Area, Mathura Road |
| City | New Delhi |
| Postal code | 110044 |
| 300 ## - PHYSICAL DESCRIPTION | |
| Extent | x,312p. |
| Dimensions | 23cm(Hb) |
| 500 ## - GENERAL NOTE | |
| General note | Includes bibliographical references and index. |
| 505 0# - FORMATTED CONTENTS NOTE | |
| Formatted contents note | Transformation of Order : Two Examples -- Modernism and Democracy : Twin Props of the Autonomous Self -- Democracy : The Case of Moral Deficit -- Democracy : Myth and Reality -- Fault Line of Democracy -- Making Sense of Social Justice -- The Elusive Search for Community -- Back to the Roots -- Philosophical Background of Gandhi's Thinking -- Gandhi's Critique of Democracy -- Local Democracy : Jefferson and Gandhi -- Sarvata : Modern Man in Search of Wholeness. |
| 600 10 - SUBJECT ADDED ENTRY--PERSONAL NAME | |
| Personal name | Gandhi, |
| Titles and other words associated with a name | Mahatma, |
| Dates associated with a name | 1869-1948 |
| General subdivision | Political and social views. |
| 650 #0 - SUBJECT ADDED ENTRY--TOPICAL TERM | |
| Topical term or geographic name as entry element | Democracy |
| General subdivision | Social aspects. |
| 650 #0 - SUBJECT ADDED ENTRY--TOPICAL TERM | |
| Topical term or geographic name as entry element | Democracy |
| General subdivision | Moral and ethical aspects. |
| 650 #0 - SUBJECT ADDED ENTRY--TOPICAL TERM | |
| Topical term or geographic name as entry element | Well-being |
| General subdivision | Social aspects. |
| 700 1# - ADDED ENTRY--PERSONAL NAME | |
| Personal name | Ranjan, Ravi |
| 776 08 - ADDITIONAL PHYSICAL FORM ENTRY | |
| Display text | Online version: |
| Main entry heading | Roy, Ramashray, author. |
| Title | Essays on modernism, democracy and well-being |
| Place, publisher, and date of publication | Thousand Oaks, California : SAGE Publications Inc., 2016 |
| International Standard Book Number | 9789351508120 |
| Record control number | (DLC) 2016001162 |
| 942 ## - ADDED ENTRY ELEMENTS (KOHA) | |
| Source of classification or shelving scheme | Dewey Decimal Classification |
| Item type | English Books |
| Classification part | 321.8 |
| Call number suffix | ROY |
| Withdrawn status | Lost status | Not for loan | Collection code | Home library | Current library | Date acquired | Source of acquisition | Cost, normal purchase price | Full call number | Barcode | Copy number | Cost, replacement price | Koha item type |
|---|---|---|---|---|---|---|---|---|---|---|---|---|---|
| Non-fiction | Ashok Vihar | Ashok Vihar | 07/07/2017 | BPPD/EN/2016-17/AV/16-17/472/15.02.2017/TZ17430/24.02.2017/18.03.2017 | 1195.00 | 321.8 ROY | B-667872 | 1 | 1195.00 | English Books | |||
| Not For Loan | Non-fiction | D.B.Act.Division | Bawana | 10/06/2016 | DBAD/PUB | 1195.00 | 321.8 ROY | EN-98769 | 1 | 1195.00 | English Books | ||
| Non-fiction | Bawana | Bawana | 20/02/2017 | BPPD/EN/2016-17/306/24.11.2016/TZ16932/5.12.2016/4.1.2017 | 1195.00 | 321.8 ROY | B-654194 | 1 | 1195.00 | English Books | |||
| Non-fiction | Central Library | Central Library | 20/02/2017 | BPPD/EN/2016-17/306/24.11.2016/TZ16932/5.12.2016/4.1.2017 | 1195.00 | 321.8 ROY | B-654189 | 1 | 1195.00 | English Books | |||
| Non-fiction | Janak Puri | Janak Puri | 20/02/2017 | BPPD/EN/2016-17/306/24.11.2016/TZ16932/5.12.2016/4.1.2017 | 1195.00 | 321.8 ROY | B-654191 | 1 | 1195.00 | English Books | |||
| Non-fiction | Karol Bagh | Karol Bagh | 20/02/2017 | BPPD/EN/2016-17/306/24.11.2016/TZ16932/5.12.2016/4.1.2017 | 1195.00 | 321.8 ROY | B-654192 | 1 | 1195.00 | English Books | |||
| Non-fiction | Narela | Narela | 20/02/2017 | BPPD/EN/2016-17/306/24.11.2016/TZ16932/5.12.2016/4.1.2017 | 1195.00 | 321.8 ROY | B-654193 | 1 | 1195.00 | English Books | |||
| Non-fiction | Patel Nagar | Patel Nagar | 20/02/2017 | BPPD/EN/2016-17/306/24.11.2016/TZ16932/5.12.2016/4.1.2017 | 1195.00 | 321.8 ROY | B-654190 | 1 | 1195.00 | English Books | |||
| Non-fiction | R.C.Libraries (zls) | R.C.Libraries (zls) | 20/12/2022 | DBAD/PUB | 1195.00 | 321.8 ROY | EN-119445 | 1 | 1195.00 | English Books | |||
| Non-fiction | Shahdara Branch | Shahdara Branch | 20/02/2017 | BPPD/EN/2016-17/306/24.11.2016/TZ16932/5.12.2016/4.1.2017 | 1195.00 | 321.8 ROY | B-654195 | 1 | 1195.00 | English Books |
